[Event "Abu Dhabi Festival Open"]
[Site "Abu Dhabi UAE"]
[Date "2009.08.17"]
[Round "6"]
[White "Anastasian, A."]
[Black "Laxman, R."]
[Result "1/2-1/2"]
[WhiteElo "2566"]
[BlackElo "2502"]
[PlyCount "133"]
[EventDate "2009.08.12"]
[EventType "swiss"]
[EventRounds "9"]
[EventCountry "UAE"]
[Source "Mark Crowther"]
[SourceDate "2009.08.17"]

1. d4 Nf6 2. c4 e6 3. Nc3 Bb4 4. Qc2 O-O 5. a3 Bxc3+ 6. Qxc3 b6 7. Bg5 Bb7 8.
e3 h6 9. Bh4 c5 10. dxc5 bxc5 11. Ne2 a5 12. f3 d6 13. O-O-O Ra6 14. Qc2 Nbd7
15. Nc3 Qb8 16. Be2 Bc6 17. Rd2 Rb6 18. Bg3 Ne5 19. e4 Nh5 20. f4 Nxg3 21. hxg3
Ng6 22. Rhd1 Rd8 23. e5 Ne7 24. g4 d5 25. cxd5 Bxd5 26. Bc4 Rc8 27. Bxd5 Nxd5
28. Nxd5 exd5 29. Qf5 Rf8 30. Qc2 Rc8 31. Rxd5 c4 32. R1d4 c3 33. bxc3 Rb1+ 34.
Qxb1 Rxc3+ 35. Kd2 Qxb1 36. Kxc3 Qe1+ 37. Kb3 Qg3+ 38. Ka4 Qxg4 39. Kxa5 Qxg2
40. a4 Qc2 41. Kb6 Qb2+ 42. Kc6 Qc3+ 43. Kd6 Qa3+ 44. Kd7 Qh3+ 45. Kd8 h5 46.
a5 h4 47. Rd3 Qg2 48. f5 Qg5+ 49. Kc7 Qxf5 50. a6 Qf2 51. Rd8+ Kh7 52. R3d4 Qe1
53. Kb6 Qb1+ 54. Kc5 Qc1+ 55. Kd5 Qh1+ 56. Kd6 Qa1 57. Ke7 g5 58. e6 fxe6 59.
Kf6 Qf1+ 60. Kxg5 Qb5+ 61. Kf6 Qf1+ 62. Kg5 Qf5+ 63. Kxh4 Qf2+ 64. Kg4 Qe2+ 65.
Kg5 Qe5+ 66. Kh4 Qh2+ 67. Kg5 1/2-1/2

[Event "Abu Dhabi Festival Open"]
[Site "Abu Dhabi UAE"]
[Date "2009.08.17"]
[Round "6"]
[White "Rakhmanov, Ale"]
[Black "Ghaem Maghami, E."]
[Result "1/2-1/2"]
[WhiteElo "2559"]
[BlackElo "2589"]
[PlyCount "135"]
[EventDate "2009.08.12"]
[EventType "swiss"]
[EventRounds "9"]
[EventCountry "UAE"]
[Source "Mark Crowther"]
[SourceDate "2009.08.17"]

1. d4 Nf6 2. c4 e6 3. Nc3 Bb4 4. e3 b6 5. Bd3 Bb7 6. Nf3 O-O 7. O-O d5 8. cxd5
exd5 9. a3 Be7 10. b4 Nbd7 11. Qb3 a6 12. a4 Bd6 13. Rb1 Re8 14. b5 axb5 15.
axb5 Nf8 16. Bb2 Ng6 17. Ra1 Qd7 18. Ba3 Bxa3 19. Rxa3 Rxa3 20. Qxa3 Ra8 21.
Qb2 Qd6 22. Ra1 Rxa1+ 23. Qxa1 Ne7 24. Qb2 g6 25. Na2 Nd7 26. Qb4 Qxb4 27. Nxb4
Kf8 28. h4 h5 29. Ng5 Nb8 30. Nh3 c5 31. bxc6 Nbxc6 32. Na2 Ke8 33. Nf4 Kd7 34.
f3 Kd6 35. g4 hxg4 36. fxg4 Ng8 37. Nc3 Nce7 38. Kf2 Bc8 39. Kg3 Bd7 40. Be2
Nf6 41. Bf3 Bc6 42. Nd3 Bd7 43. Kf4 Nh7 44. Nb4 g5+ 45. hxg5 Be6 46. e4 Ng6+
47. Ke3 dxe4 48. Nxe4+ Ke7 49. d5 Bd7 50. Kd4 Nf4 51. Bd1 Nh3 52. g6 fxg6 53.
d6+ Kd8 54. Nd3 N3g5 55. Nxg5 Nxg5 56. Ne5 Ne6+ 57. Kd5 Nf8 58. Bc2 Be8 59. Bd3
Bd7 60. g5 Be6+ 61. Kc6 Nh7 62. Bc4 Bxc4 63. Nxc4 Nxg5 64. Ne5 b5 65. d7 b4 66.
Kd6 Ne4+ 67. Kc6 Ng5 68. Kd6 1/2-1/2

[Event "Abu Dhabi Festival Open"]
[Site "Abu Dhabi UAE"]
[Date "2009.08.17"]
[Round "6"]
[White "Bocharov, D."]
[Black "Sturua, Z."]
[Result "1-0"]
[WhiteElo "2613"]
[BlackElo "2513"]
[PlyCount "91"]
[EventDate "2009.08.12"]
[EventType "swiss"]
[EventRounds "9"]
[EventCountry "UAE"]
[Source "Mark Crowther"]
[SourceDate "2009.08.17"]

1. d4 Nf6 2. c4 g6 3. g3 c6 4. Bg2 d5 5. Qa4 Nfd7 6. cxd5 Nb6 7. Qb3 cxd5 8.
Nc3 Nc6 9. e3 e6 10. Nge2 Bg7 11. O-O O-O 12. Rd1 Bd7 13. Qc2 Nb4 14. Qb1 a5
15. b3 Re8 16. a3 Na6 17. a4 Nc8 18. Ba3 Nb4 19. Nf4 Bf8 20. e4 Ne7 21. e5 Nf5
22. Bh3 Bc6 23. Qb2 f6 24. Nce2 Bg7 25. Bxb4 axb4 26. Nd3 Qb6 27. Rac1 Rad8 28.
Bxf5 exf5 29. exf6 Bxf6 30. Ne5 g5 31. Qd2 Rd6 32. Kf1 h6 33. f4 gxf4 34. gxf4
Bxe5 35. fxe5 Rg6 36. Nf4 Rg5 37. Qe3 Qd8 38. Ke2 Kh7 39. Rg1 Rxg1 40. Rxg1 Rg8
41. Rxg8 Qxg8 42. Qh3 Bd7 43. Qg2 Qg5 44. Qxg5 hxg5 45. Nxd5 Be6 46. Nf6+ 1-0

[Event "Abu Dhabi Festival Open"]
[Site "Abu Dhabi UAE"]
[Date "2009.08.17"]
[Round "6"]
[White "El Gindy, E."]
[Black "Filippov, An UZB"]
[Result "0-1"]
[WhiteElo "2501"]
[BlackElo "2583"]
[PlyCount "82"]
[EventDate "2009.08.12"]
[EventType "swiss"]
[EventRounds "9"]
[EventCountry "UAE"]
[Source "Mark Crowther"]
[SourceDate "2009.08.17"]

1. d4 d5 2. c4 e6 3. Nf3 c6 4. e3 Nf6 5. Nbd2 Nbd7 6. Bd3 c5 7. O-O cxd4 8.
exd4 b6 9. cxd5 Nxd5 10. Ne4 Be7 11. Re1 O-O 12. a3 Bb7 13. Bd2 Rc8 14. Qe2 Rc7
15. Rac1 h6 16. Ng3 N7f6 17. Ne5 Bd6 18. Bb1 Rxc1 19. Rxc1 Qe8 20. Qd3 Qa4 21.
Bc2 Qa6 22. Qb3 Rc8 23. h3 Ba8 24. Re1 Qb7 25. Ne4 Nxe4 26. Bxe4 Qe7 27. Qg3
Qf6 28. Bb1 Rd8 29. Qg4 Ne7 30. h4 Nf5 31. Bg5 hxg5 32. hxg5 Qe7 33. g6 Bxe5
34. Rxe5 Rxd4 35. gxf7+ Qxf7 36. Qe2 Rd8 37. Ba2 Bd5 38. Bb1 Qg6 39. g3 Qh6 40.
Be4 Bxe4 41. Rxe4 Nxg3 0-1

[Event "Abu Dhabi Festival Open"]
[Site "Abu Dhabi UAE"]
[Date "2009.08.17"]
[Round "6"]
[White "Kengis, E."]
[Black "Adu, O."]
[Result "1-0"]
[WhiteElo "2543"]
[BlackElo "2276"]
[PlyCount "79"]
[EventDate "2009.08.12"]
[EventType "swiss"]
[EventRounds "9"]
[EventCountry "UAE"]
[Source "Mark Crowther"]
[SourceDate "2009.08.17"]

1. d4 d6 2. e4 g6 3. Nf3 Bg4 4. Be2 Bg7 5. h3 Bxf3 6. Bxf3 c6 7. O-O Nd7 8. c3
Ngf6 9. Nd2 O-O 10. a4 a5 11. b3 Qc7 12. Ba3 c5 13. Nc4 Rfd8 14. Qe2 Ne8 15.
Rac1 Rac8 16. Rfd1 b6 17. Bb2 Bh6 18. Rb1 Bg7 19. Na3 Qb8 20. Qe3 Nc7 21. Be2
Qb7 22. d5 Nf6 23. c4 e5 24. dxe6 Nxe6 25. Bf3 Qe7 26. Nb5 Rd7 27. g3 Rcd8 28.
Bg2 h5 29. h4 Ng4 30. Qe2 Be5 31. Bh3 f5 32. exf5 gxf5 33. Bxg4 hxg4 34. Rd5
Nf4 35. gxf4 Qxh4 36. Qf1 Bxf4 37. Qg2 Qg5 38. Nc3 Be5 39. Rbd1 Qf6 40. Ne4 1-0

[Event "Abu Dhabi Festival Open"]
[Site "Abu Dhabi UAE"]
[Date "2009.08.17"]
[Round "6"]
[White "Nirmal, E."]
[Black "Melkumyan, H."]
[Result "0-1"]
[WhiteElo "2268"]
[BlackElo "2530"]
[PlyCount "80"]
[EventDate "2009.08.12"]
[EventType "swiss"]
[EventRounds "9"]
[EventCountry "UAE"]
[Source "Mark Crowther"]
[SourceDate "2009.08.17"]

1. e4 e5 2. Nf3 Nc6 3. Nc3 Nf6 4. d4 exd4 5. Nxd4 Bb4 6. Nxc6 bxc6 7. Bd3 d5 8.
exd5 cxd5 9. O-O O-O 10. Bg5 c6 11. Qf3 h6 12. Bxf6 Qxf6 13. Qxf6 gxf6 14. Ne2
Bc5 15. Rfe1 Re8 16. Ng3 Re5 17. Kf1 Rb8 18. f4 Re6 19. Nh5 Kf8 20. b3 Bd4 21.
Rxe6 fxe6 22. c3 Bxc3 23. Rc1 Bd4 24. Rxc6 Bd7 25. Rc2 Ke7 26. h3 e5 27. Be2
Bb6 28. Rd2 Be6 29. Ng7 Be3 30. Rc2 Rc8 31. Rxc8 Bxc8 32. fxe5 fxe5 33. Bb5 e4
34. g4 Kf6 35. Nh5+ Ke5 36. Ng3 Bf4 37. Ne2 d4 38. Bc6 Ba6 39. Kf2 Bxe2 40.
Kxe2 d3+ 0-1

[Event "Abu Dhabi Festival Open"]
[Site "Abu Dhabi UAE"]
[Date "2009.08.17"]
[Round "6"]
[White "Savchenko, S."]
[Black "Saeed, I."]
[Result "1/2-1/2"]
[WhiteElo "2526"]
[BlackElo "2188"]
[PlyCount "74"]
[EventDate "2009.08.12"]
[EventType "swiss"]
[EventRounds "9"]
[EventCountry "UAE"]
[Source "Mark Crowther"]
[SourceDate "2009.08.17"]

1. d4 d5 2. c4 c6 3. Nf3 Nf6 4. Nc3 e6 5. Bg5 Nbd7 6. cxd5 exd5 7. e3 Be7 8.
Bd3 O-O 9. Qc2 Re8 10. O-O Nf8 11. Rab1 Ng6 12. b4 Bd6 13. b5 h6 14. Bxf6 Qxf6
15. bxc6 bxc6 16. e4 Nf4 17. e5 Qe6 18. Ne2 Nxd3 19. Qxd3 Bf8 20. Rfc1 Qf5 21.
Qc3 Ba6 22. Ng3 Qd3 23. Qxc6 Rec8 24. Qa4 Rab8 25. Qd1 Rxc1 26. Rxc1 Ba3 27.
Qxd3 Bxd3 28. Re1 Rb1 29. Rxb1 Bxb1 30. Kf1 a5 31. Ke2 a4 32. Nd2 Bxa2 33. Kd3
Bb2 34. Ne2 a3 35. Nc3 Bxc3 36. Kxc3 Bc4 37. f4 Kf8 1/2-1/2

[Event "Abu Dhabi Festival Open"]
[Site "Abu Dhabi UAE"]
[Date "2009.08.17"]
[Round "6"]
[White "Antonio, V."]
[Black "Simonian, H."]
[Result "1/2-1/2"]
[WhiteElo "2107"]
[BlackElo "2520"]
[PlyCount "116"]
[EventDate "2009.08.12"]
[EventType "swiss"]
[EventRounds "9"]
[EventCountry "UAE"]
[Source "Mark Crowther"]
[SourceDate "2009.08.17"]

1. e4 c5 2. Nf3 e6 3. d4 cxd4 4. Nxd4 a6 5. Nc3 b5 6. Bd3 Bc5 7. Nb3 Be7 8. O-O
Bb7 9. e5 Nc6 10. Re1 Qc7 11. Qe2 h5 12. Bd2 h4 13. h3 Nh6 14. a4 b4 15. Na2 g6
16. a5 Nf5 17. c3 bxc3 18. bxc3 Nxa5 19. Nxa5 Qxa5 20. Nb4 Qc7 21. Nxa6 Qc8 22.
Bb5 O-O 23. Ra4 d5 24. Rea1 Bc6 25. c4 Nd4 26. Qf1 Nb3 27. Bh6 Rd8 28. Rb1 dxc4
29. Rxc4 Bxb5 30. Rxc8 Bxf1 31. Rxa8 Rxa8 32. Kxf1 Nd4 33. Rb8+ Rxb8 34. Nxb8
g5 35. f4 Kh7 36. Bxg5 Bxg5 37. fxg5 Kg6 38. Kf2 Kf5 39. Nd7 Kxg5 40. Ke3 Nc2+
41. Ke4 Ne1 42. Nf6 Nxg2 43. Nh7+ Kh6 44. Nf6 Ne1 45. Ne8 Nc2 46. Nd6 Kg6 47.
Kf4 Nb4 48. Kg4 Nd3 49. Nc4 Nf2+ 50. Kxh4 Kf5 51. Nd6+ Kxe5 52. Nxf7+ Kf4 53.
Kh5 Nxh3 54. Kg6 Ke4 55. Nd8 Nf4+ 56. Kh6 e5 57. Nc6 Kf5 58. Nxe5 Nh5 1/2-1/2

[Event "Abu Dhabi Festival Open"]
[Site "Abu Dhabi UAE"]
[Date "2009.08.17"]
[Round "6"]
[White "Saad, B."]
[Black "Drozdovskij, Y."]
[Result "0-1"]
[WhiteElo "2109"]
[BlackElo "2620"]
[PlyCount "66"]
[EventDate "2009.08.12"]
[EventType "swiss"]
[EventRounds "9"]
[EventCountry "UAE"]
[Source "Mark Crowther"]
[SourceDate "2009.08.17"]

1. d4 Nf6 2. Nf3 d5 3. e3 c5 4. c3 Qc7 5. Bd3 Nc6 6. Nbd2 Bg4 7. Qa4 Bd7 8. Qd1
e5 9. dxe5 Nxe5 10. Be2 Bd6 11. h3 O-O 12. c4 Nxc4 13. Bxc4 dxc4 14. Nxc4 Be7
15. a4 Rfd8 16. Qe2 Bf5 17. Ra3 Rd5 18. O-O Rad8 19. Ne1 Ne4 20. g4 Be6 21. Qc2
f5 22. f3 Ng3 23. Rf2 Bh4 24. Bd2 Ne4 25. fxe4 Bxf2+ 26. Kxf2 Qh2+ 27. Ng2 fxg4
28. exd5 Rf8+ 29. Ke2 Qxg2+ 30. Kd1 Rf1+ 31. Be1 Rxe1+ 32. Kxe1 Qxc2 33. dxe6
Qxc4 0-1

[Event "Abu Dhabi Festival Open"]
[Site "Abu Dhabi UAE"]
[Date "2009.08.17"]
[Round "6"]
[White "Ayyad, H."]
[Black "Aleksandrov, A."]
[Result "0-1"]
[WhiteElo "2111"]
[BlackElo "2616"]
[PlyCount "68"]
[EventDate "2009.08.12"]
[EventType "swiss"]
[EventRounds "9"]
[EventCountry "UAE"]
[Source "Mark Crowther"]
[SourceDate "2009.08.17"]

1. e4 e5 2. Nf3 Nc6 3. d4 exd4 4. Bc4 Bc5 5. c3 Nf6 6. e5 d5 7. Bb5 Ne4 8. Nxd4
O-O 9. Bxc6 bxc6 10. O-O f6 11. Be3 Bd7 12. f3 Ng5 13. Qd2 fxe5 14. Bxg5 exd4
15. Kh1 dxc3 16. Nxc3 Be7 17. Bxe7 Qxe7 18. Rfe1 Qd6 19. b3 Rf5 20. Rac1 Rh5
21. f4 Rf8 22. g3 c5 23. Qe2 Qg6 24. Kg1 Rxf4 25. Qe7 Rxh2 26. Ne2 Rff2 27.
Qd8+ Be8 28. Qxd5+ Qf7 29. Qxf7+ Bxf7 30. Nf4 g5 31. Ne6 Rfg2+ 32. Kf1 Rxa2 33.
Kg1 Rag2+ 34. Kf1 Bh5 0-1

[Event "Abu Dhabi Festival Open"]
[Site "Abu Dhabi UAE"]
[Date "2009.08.17"]
[Round "6"]
[White "Pabalan, R."]
[Black "Zdebskaja, N."]
[Result "0-1"]
[WhiteElo "2033"]
[BlackElo "2412"]
[PlyCount "67"]
[EventDate "2009.08.12"]
[EventType "swiss"]
[EventRounds "9"]
[EventCountry "UAE"]
[Source "Mark Crowther"]
[SourceDate "2009.08.24"]

1. e4 c5 2. Nf3 d6 3. d4 cxd4 4. Nxd4 Nf6 5. Nc3 a6 6. Bg5 e6 7. Qf3 h6 8. Bh4
Nbd7 9. Be2 Be7 10. g4 Qc7 11. Bg3 b5 12. O-O-O Bb7 13. Bd3 b4 14. Nce2 Nc5 15.
Rhe1 Nfxe4 16. Qe3 Nxd3+ 17. Qxd3 O-O 18. f3 Nxg3 19. Nxg3 d5 20. Nh5 Bg5+ 21.
Kb1 Qc4 22. f4 Qxd3 23. Rxd3 Bh4 24. Re2 a5 25. Rh3 Bd8 26. g5 g6 27. Nf6+ Kg7
28. Nd7 Rh8 29. Ne5 h5 30. c3 Bb6 31. Nxg6 fxg6 32. Nxe6+ Kf7 33. f5 Rhg8 34.
Rf3 0-1

[Event "Abu Dhabi Festival Open"]
[Site "Abu Dhabi UAE"]
[Date "2009.08.17"]
[Round "6"]
[White "Illijin, N."]
[Black "Jumma, A."]
[Result "1/2-1/2"]
[WhiteElo "2246"]
[BlackElo "1925"]
[PlyCount "50"]
[EventDate "2009.08.12"]
[EventType "swiss"]
[EventRounds "9"]
[EventCountry "UAE"]
[Source "Mark Crowther"]
[SourceDate "2009.08.24"]

1. Nf3 d5 2. e3 Nf6 3. b3 e6 4. Bb2 Bd6 5. c4 O-O 6. Be2 b6 7. Nc3 Bb7 8. Rc1
c5 9. cxd5 Nxd5 10. O-O Nd7 11. Nxd5 Bxd5 12. d4 Qe7 13. Bd3 Nf6 14. Qe2 Be4
15. dxc5 Bxd3 16. Qxd3 Bxc5 17. Ng5 e5 18. Qf5 Rfe8 19. Rfd1 Ba3 20. Bxa3 Qxa3
21. Rc6 Rad8 22. Rf1 Qe7 23. h4 Rd6 24. Rxd6 Qxd6 25. Rc1 Rd8 1/2-1/2

[Event "Abu Dhabi Festival Open"]
[Site "Abu Dhabi UAE"]
[Date "2009.08.17"]
[Round "6"]
[White "Abdulkarim, A."]
[Black "Galojan, L."]
[Result "0-1"]
[WhiteElo "1913"]
[BlackElo "2338"]
[PlyCount "50"]
[EventDate "2009.08.12"]
[EventType "swiss"]
[EventRounds "9"]
[EventCountry "UAE"]
[Source "Mark Crowther"]
[SourceDate "2009.08.24"]

1. d4 Nf6 2. c4 e6 3. Nc3 Bb4 4. e3 c5 5. Nge2 b6 6. a3 Ba5 7. Nf4 Bxc3+ 8.
bxc3 Nc6 9. Qf3 Ba6 10. Bd3 Rc8 11. Bb2 Na5 12. e4 Bxc4 13. e5 Nd5 14. Nxd5
Bxd5 15. Qg4 O-O 16. Bc1 f5 17. exf6 Qxf6 18. O-O h6 19. Be3 cxd4 20. Bxd4 e5
21. Qxd7 Rcd8 22. Qxa7 exd4 23. cxd4 Rf7 24. Qa6 Qg5 25. f3 Bxf3 0-1

[Event "Abu Dhabi Festival Open"]
[Site "Abu Dhabi UAE"]
[Date "2009.08.17"]
[Round "6"]
[White "Khalifa, K UAE."]
[Black "Pourkashiyan, A."]
[Result "0-1"]
[WhiteElo "2003"]
[BlackElo "2304"]
[PlyCount "42"]
[EventDate "2009.08.12"]
[EventType "swiss"]
[EventRounds "9"]
[EventCountry "UAE"]
[Source "Mark Crowther"]
[SourceDate "2009.08.24"]

1. e4 c5 2. Nf3 e6 3. d4 cxd4 4. Nxd4 a6 5. Be3 Nf6 6. Bd3 Nc6 7. Nc3 Qc7 8.
O-O b5 9. a3 Bb7 10. Kh1 Ne5 11. h3 Nc4 12. Bxc4 bxc4 13. f3 Be7 14. Qd2 O-O
15. Bf4 d6 16. Bh2 g6 17. e5 dxe5 18. Qg5 Ne8 19. Qxe5 Bd6 20. Qe3 Bxh2 21. f4
e5 0-1

[Event "Abu Dhabi Festival Open"]
[Site "Abu Dhabi UAE"]
[Date "2009.08.17"]
[Round "6"]
[White "Mohamed, N."]
[Black "Almulla, M."]
[Result "1-0"]
[WhiteElo "2229"]
[BlackElo "2030"]
[PlyCount "65"]
[EventDate "2009.08.12"]
[EventType "swiss"]
[EventRounds "9"]
[EventCountry "UAE"]
[Source "Mark Crowther"]
[SourceDate "2009.08.24"]

1. d4 Nf6 2. c4 e6 3. Nc3 Bb4 4. e3 b6 5. Bd3 Bb7 6. Nf3 Bxc3+ 7. bxc3 d6 8.
O-O O-O 9. Nd2 Nbd7 10. e4 e5 11. Qc2 Qe7 12. Re1 Nb8 13. Nf1 Nc6 14. d5 Na5
15. Qe2 h6 16. Ng3 Bc8 17. h3 Nb7 18. f4 Nc5 19. Bc2 Nh7 20. f5 Qh4 21. Kh2 Nf6
22. Nf1 Qh5 23. g4 Qh4 24. Kg2 Nh7 25. Ng3 Ba6 26. Be3 Qe7 27. Rh1 Rac8 28. h4
f6 29. Nf1 c6 30. dxc6 Rxc6 31. Nd2 Rfc8 32. Bb3 Nb7 33. c5+ 1-0

[Event "Abu Dhabi Festival Open"]
[Site "Abu Dhabi UAE"]
[Date "2009.08.17"]
[Round "6"]
[White "Al Hammadi, F."]
[Black "Al Tarbosh, W."]
[Result "0-1"]
[WhiteElo "1857"]
[BlackElo "2173"]
[PlyCount "64"]
[EventDate "2009.08.12"]
[EventType "swiss"]
[EventRounds "9"]
[EventCountry "UAE"]
[Source "Mark Crowther"]
[SourceDate "2009.08.24"]

1. d4 d5 2. c4 c6 3. cxd5 cxd5 4. Nc3 Nf6 5. Qc2 g6 6. Bf4 Nc6 7. e3 Bg7 8. a3
O-O 9. Bd3 Re8 10. Nf3 Bg4 11. O-O Bxf3 12. gxf3 e5 13. dxe5 Nd7 14. Rad1 d4
15. Ne4 Ndxe5 16. Qe2 Nxd3 17. Rxd3 Qd5 18. Nd6 Re7 19. e4 Qh5 20. Nc4 Rae8 21.
Nd6 Rd8 22. Nc4 b5 23. Nd2 Be5 24. Bg3 f5 25. Bxe5 Nxe5 26. Rb3 d3 27. Qd1 a6
28. exf5 Qxf5 29. Re1 Nxf3+ 30. Nxf3 Qxf3 31. Qxf3 Rxe1+ 32. Kg2 d2 0-1

[Event "Abu Dhabi Festival Open"]
[Site "Abu Dhabi UAE"]
[Date "2009.08.18"]
[Round "7"]
[White "Amin, B."]
[Black "Bocharov, D."]
[Result "1-0"]
[WhiteElo "2551"]
[BlackElo "2613"]
[PlyCount "77"]
[EventDate "2009.08.12"]
[EventType "swiss"]
[EventRounds "9"]
[EventCountry "UAE"]
[Source "Mark Crowther"]
[SourceDate "2009.08.24"]

1. e4 c5 2. Nf3 Nc6 3. d3 g6 4. g3 Bg7 5. Bg2 Nf6 6. O-O d5 7. Nbd2 O-O 8. c3
Qc7 9. Re1 b6 10. Nf1 dxe4 11. dxe4 Rd8 12. Qe2 h6 13. e5 Nd5 14. a3 e6 15. h4
Na5 16. N1d2 Bb7 17. Rb1 Rd7 18. c4 Ne7 19. b4 cxb4 20. axb4 Nac6 21. Ne4 Nf5
22. Bf4 Ncd4 23. Nxd4 Nxd4 24. Qa2 Rad8 25. Rbc1 Bxe4 26. Rxe4 Bf8 27. c5 bxc5
28. bxc5 Rd5 29. c6 Ra5 30. Qb2 Rb5 31. Qxd4 Rxd4 32. Rxd4 Rc5 33. Rxc5 Bxc5
34. Rd7 Qc8 35. Bxh6 Bb6 36. Bg5 Bc7 37. Be7 Bb6 38. Rb7 Bc7 39. Bd6 1-0

[Event "Abu Dhabi Festival Open"]
[Site "Abu Dhabi UAE"]
[Date "2009.08.18"]
[Round "7"]
[White "Filippov, An UZB"]
[Black "Anastasian, A."]
[Result "0-1"]
[WhiteElo "2583"]
[BlackElo "2566"]
[PlyCount "86"]
[EventDate "2009.08.12"]
[EventType "swiss"]
[EventRounds "9"]
[EventCountry "UAE"]
[Source "Mark Crowther"]
[SourceDate "2009.08.24"]

1. e4 e6 2. d4 d5 3. Nc3 dxe4 4. Nxe4 Nd7 5. Nf3 Ngf6 6. Bg5 Be7 7. Nxf6+ Nxf6
8. Bd3 O-O 9. Qd2 b6 10. Bxf6 Bxf6 11. Be4 Rb8 12. Qd3 h6 13. O-O-O c5 14. h4
Qc7 15. g4 Qf4+ 16. Qe3 Qxg4 17. Ne5 cxd4 18. Rxd4 Qh5 19. f4 Bxe5 20. fxe5 Bb7
21. Rd7 Bxe4 22. Qxe4 a5 23. Rd6 b5 24. b3 b4 25. Re1 Rb5 26. Kb2 Rc8 27. Qd4
Rbc5 28. Rd8+ Rxd8 29. Qxd8+ Kh7 30. Qf8 Qxh4 31. Qxc5 Qxe1 32. Qxa5 h5 33. Qb5
h4 34. a4 bxa3+ 35. Kxa3 Qc1+ 36. Ka4 Qxc2 37. Qb4 Qf2 38. Qg4 Qg3 39. Qe4+ g6
40. b4 h3 41. b5 h2 42. b6 Qh3 43. b7 h1=Q 0-1

[Event "Abu Dhabi Festival Open"]
[Site "Abu Dhabi UAE"]
[Date "2009.08.18"]
[Round "7"]
[White "Ovetchkin, R."]
[Black "Kengis, E."]
[Result "1-0"]
[WhiteElo "2548"]
[BlackElo "2543"]
[PlyCount "51"]
[EventDate "2009.08.12"]
[EventType "swiss"]
[EventRounds "9"]
[EventCountry "UAE"]
[Source "Mark Crowther"]
[SourceDate "2009.08.24"]

1. d4 d5 2. c4 c6 3. Nf3 Nf6 4. Nc3 e6 5. g3 dxc4 6. Bg2 Nbd7 7. O-O b5 8. e4
Bb7 9. e5 Nd5 10. Ng5 Nxc3 11. bxc3 Be7 12. Qh5 g6 13. Qh6 Bf8 14. Qh3 Be7 15.
Ne4 Nb6 16. Bg5 Bxg5 17. Nd6+ Qxd6 18. exd6 Bd2 19. a4 bxa4 20. Ra3 Bg5 21. Qg4
Bd8 22. Rb1 O-O 23. Qd1 Bf6 24. Rxa4 Rfd8 25. Ra5 Rxd6 26. Qc1 1-0

[Event "Abu Dhabi Festival Open"]
[Site "Abu Dhabi UAE"]
[Date "2009.08.18"]
[Round "7"]
[White "Drozdovskij, Y."]
[Black "Agamaliev, G."]
[Result "1-0"]
[WhiteElo "2620"]
[BlackElo "2490"]
[PlyCount "93"]
[EventDate "2009.08.12"]
[EventType "swiss"]
[EventRounds "9"]
[EventCountry "UAE"]
[Source "Mark Crowther"]
[SourceDate "2009.08.24"]

1. d4 Nf6 2. Nf3 g6 3. c4 Bg7 4. g3 O-O 5. Bg2 d6 6. Nc3 Nbd7 7. O-O e5 8. e4
exd4 9. Nxd4 Re8 10. h3 Nc5 11. Re1 a5 12. b3 h6 13. Rb1 Bd7 14. f4 Nh7 15. g4
h5 16. g5 f6 17. h4 Bg4 18. Qd2 fxg5 19. hxg5 c6 20. Bb2 Qb6 21. Kh1 a4 22.
Nxa4 Nxa4 23. bxa4 Qc7 24. f5 Be5 25. Rf1 Nf8 26. Nc2 Bxb2 27. Rxb2 gxf5 28.
exf5 Re2 29. Qc3 Rae8 30. Nd4 R8e3 31. Nxe2 Rxc3 32. Nxc3 Qg7 33. f6 Qxg5 34.
Rxb7 Bd7 35. Ne4 Qh4+ 36. Kg1 d5 37. cxd5 cxd5 38. f7+ Kg7 39. Nf6 Be6 40. Rf2
Qxa4 41. Nxh5+ Kh6 42. Nf4 Qc6 43. Nxe6 Qxe6 44. Rb3 d4 45. Rh3+ Kg5 46. Rg3+
Kh4 47. Rg8 1-0

[Event "Abu Dhabi Festival Open"]
[Site "Abu Dhabi UAE"]
[Date "2009.08.18"]
[Round "7"]
[White "Saeed, I."]
[Black "Aleksandrov, A."]
[Result "0-1"]
[WhiteElo "2188"]
[BlackElo "2616"]
[PlyCount "88"]
[EventDate "2009.08.12"]
[EventType "swiss"]
[EventRounds "9"]
[EventCountry "UAE"]
[Source "Mark Crowther"]
[SourceDate "2009.08.24"]

1. d4 f5 2. c4 Nf6 3. g3 g6 4. Bg2 Bg7 5. Nc3 O-O 6. Nf3 d6 7. O-O c6 8. Qc2
Na6 9. a3 Qe8 10. d5 Bd7 11. Be3 Kh8 12. Rad1 h6 13. h3 Nc7 14. Ne1 Qf7 15. Qb3
Rfb8 16. Qc2 Rc8 17. Qd2 Kh7 18. Kh2 cxd5 19. cxd5 Nb5 20. Nxb5 Bxb5 21. Bf3
Ba4 22. Rc1 Rxc1 23. Qxc1 Nxd5 24. Qc4 Bc6 25. Nd3 Rf8 26. Bxd5 Bxd5 27. Qb4 a6
28. Rc1 Bc6 29. Qa5 e5 30. f4 exf4 31. Bxf4 Qe6 32. Qe1 Re8 33. Rc2 Qd5 34. Qf1
Re6 35. Rd2 g5 36. Nf2 Qc4 37. Bxd6 Kg6 38. Bb8 h5 39. h4 Re8 40. Bd6 Rd8 41.
Nh3 Be5 42. Bxe5 Rxd2 43. Ng1 Qe4 44. Nf3 Rxe2+ 0-1

[Event "Abu Dhabi Festival Open"]
[Site "Abu Dhabi UAE"]
[Date "2009.08.18"]
[Round "7"]
[White "Ghaem Maghami, E."]
[Black "Antonio, V."]
[Result "1/2-1/2"]
[WhiteElo "2589"]
[BlackElo "2107"]
[PlyCount "70"]
[EventDate "2009.08.12"]
[EventType "swiss"]
[EventRounds "9"]
[EventCountry "UAE"]
[Source "Mark Crowther"]
[SourceDate "2009.08.24"]

1. d4 Nf6 2. c4 g6 3. Nc3 Bg7 4. e4 d6 5. f3 O-O 6. Be3 e5 7. Nge2 c6 8. Qd2
Nbd7 9. O-O-O a6 10. d5 cxd5 11. Nxd5 Nxd5 12. cxd5 f5 13. Nc3 b5 14. Kb1 Nf6
15. Bd3 b4 16. Na4 fxe4 17. fxe4 Rb8 18. b3 Ng4 19. Nb2 Nxe3 20. Qxe3 a5 21.
Rdf1 Bf6 22. h4 Qe7 23. h5 gxh5 24. Nc4 a4 25. Rxh5 axb3 26. axb3 Bg4 27. Qg3
Qg7 28. Rhh1 Rbd8 29. Ne3 Bd7 30. Qxg7+ Kxg7 31. Rh5 h6 32. Nf5+ Bxf5 33. Rhxf5
Bg5 34. Rxf8 Rxf8 35. Rxf8 Kxf8 1/2-1/2

[Event "Abu Dhabi Festival Open"]
[Site "Abu Dhabi UAE"]
[Date "2009.08.18"]
[Round "7"]
[White "Zdebskaja, N."]
[Black "Savchenko, S."]
[Result "1/2-1/2"]
[WhiteElo "2412"]
[BlackElo "2526"]
[PlyCount "25"]
[EventDate "2009.08.12"]
[EventType "swiss"]
[EventRounds "9"]
[EventCountry "UAE"]
[Source "Mark Crowther"]
[SourceDate "2009.08.24"]

1. e4 c5 2. Nf3 d6 3. d4 cxd4 4. Nxd4 Nf6 5. Nc3 a6 6. Be2 e6 7. O-O Nc6 8. Be3
Be7 9. f4 O-O 10. a4 Bd7 11. Nb3 Na5 12. Nd2 Be8 13. Qe1 1/2-1/2

[Event "Abu Dhabi Festival Open"]
[Site "Abu Dhabi UAE"]
[Date "2009.08.18"]
[Round "7"]
[White "Simonian, H."]
[Black "Salem, AR."]
[Result "1/2-1/2"]
[WhiteElo "2520"]
[BlackElo "2469"]
[PlyCount "104"]
[EventDate "2009.08.12"]
[EventType "swiss"]
[EventRounds "9"]
[EventCountry "UAE"]
[Source "Mark Crowther"]
[SourceDate "2009.08.24"]

1. Nf3 d5 2. b3 c5 3. Bb2 f6 4. d4 cxd4 5. Qxd4 e5 6. Qd2 Nc6 7. e3 Be6 8. Be2
Bb4 9. c3 Ba5 10. O-O Nge7 11. Rd1 O-O 12. b4 Bb6 13. a4 e4 14. Ne1 a5 15. b5
Ne5 16. Na3 Rc8 17. Rac1 N7g6 18. Nec2 Qd7 19. c4 dxc4 20. Qxd7 Bxd7 21. Bxe5
Nxe5 22. Nxc4 Nxc4 23. Rxd7 Ne5 24. Rxb7 Bd8 25. Bd1 Nd3 26. Ra1 Nc5 27. Ra7
Bb6 28. Re7 Rfd8 29. Nd4 Kf8 30. Re6 Nxe6 31. Nxe6+ Ke7 32. Nxd8 Rxd8 33. Bb3
Rc8 34. Kf1 f5 35. h4 g6 36. Ke2 Rc3 37. Rb1 h6 38. Rb2 g5 39. hxg5 hxg5 40.
Bd5 Kd6 41. Rd2 Rd3 42. Bf7 Rxd2+ 43. Kxd2 Ke5 44. Ke2 Ba7 45. Be8 Bb6 46. Bd7
Ba7 47. Bc8 Bb6 48. Kd2 Ba7 49. Kc3 Bb6 50. Bb7 Ba7 51. Kc4 f4 52. exf4+ gxf4
1/2-1/2